LIBRARY ONLINE CATALOGUE

Pathways to God : (Record no. 4762)

MARC details
000 -LEADER
fixed length control field 00615cam a22001932 4500
001 - CONTROL NUMBER
control field 0000000384
005 - DATE AND TIME OF LATEST TRANSACTION
control field 20151217151748.0
008 - FIXED-LENGTH DATA ELEMENTS--GENERAL INFORMATION
fixed length control field 070126s xx 000 0 eng d
040 ## - CATALOGING SOURCE
Original cataloging agency KABU
Transcribing agency KABU
050 #0 - LIBRARY OF CONGRESS CALL NUMBER
Classification number BL1213.32
Item number .R66
100 1# - MAIN ENTRY--PERSONAL NAME
Personal name Roof Jonathan.
-- 0000148552
245 10 - TITLE STATEMENT
Title Pathways to God :
Remainder of title a study guide to the teachings of sathya Sai Baba /
Statement of responsibility, etc. Jonathan Roof.
260 ## - PUBLICATION, DISTRIBUTION, ETC. (IMPRINT)
Place of publication, distribution, etc. Andhra Pradesh, India :
Name of publisher, distributor, etc. Sri Sathya Sai Books,
Date of publication, distribution, etc. 2001.
300 ## - PHYSICAL DESCRIPTION
Extent 207 p.
600 10 - SUBJECT ADDED ENTRY--PERSONAL NAME
Personal name Sathya Sai, Sri
General subdivision Teachings.
-- 0000148553
908 ## - PUT COMMAND PARAMETER (RLIN)
Put command parameter 070126
950 ## - LOCAL HOLDINGS (RLIN)
-- 1
Holdings
Withdrawn status Lost status Source of classification or shelving scheme Not for loan Home library Current library Date acquired Total Checkouts Full call number Barcode Date last seen Date last checked out Price effective from Koha item type
    Library of Congress Classification   Kabarak, Main Campus Kabarak, Main Campus 17/12/2015 1 BL1213.32 .R66 010609 02/08/2024 30/01/2020 17/12/2015 General Collection